Statistieken voor Klik op de Kwartfinalist - WK 2022

Klik hier om de quiz te nemen!

Algemene statistieken

  • Deze quiz is 1.570 keer genomen
  • De gemiddelde score is 9 van 16

Antwoordstatistieken

HintAntwoord% Correct
Waar Gouda-kaas vandaan komtNederland
85%
Heeft meer WKs gewonnen dan elk ander landBrazilië
75%
Ligt in de MaghrebMarokko
75%
Het eerste land waar trouwen met hetzelfde geslacht toegestaan werdNederland
71%
Ligt op de evenaarBrazilië
66%
Heeft een vlag met alleen rood en witEngeland
66%
Het land met de kleinste bevolking in deze quizKroatië
63%
Staat bekend om zijn "casbahs"Marokko
60%
Grenst aan de Adriatische ZeeKroatië
56%
Waar paus Franciscus geboren isArgentinië
52%
Haalt zijn meeste energie uit kerncentralesFrankrijk
48%
Waar de hoogste berg buiten Azië ligtArgentinië
39%
Heeft 12 tijdzones, het hoogste aantal van alle landenFrankrijk
32%
's Werelds grootste producent van kurkPortugal
29%
Is geen lid van de Verenigde NatiesEngeland
24%
Waar Hendrik de Zeevaarder vandaan komtPortugal
17%

Scoreverdeling

Percentiel versus Aantal Correcte Antwoorden

Procent van Mensen met Elke Score

Uw Scoregeschiedenis

U heeft deze quiz nog niet genomen